| 000 | 00592nam a22002057i 4500 | ||
|---|---|---|---|
| 999 |
_c23605 _d23605 |
||
| 003 | AR-CdUCM | ||
| 008 | 260420b20232023 pe||||| |||| 00| 0 spa d | ||
| 020 | _a978-84-18765-71-1 | ||
| 040 |
_aMUNICIPALIDAD PROVINCIAL DEL CUSCO _cBIBLIOTECA MUNICIPAL DEL CUSCO |
||
| 041 | _hspa | ||
| 082 |
_a848.71 _bH88 / Vol.1 |
||
| 100 |
_aHugo, Victor _911073 |
||
| 245 | _aLos Miserables / | ||
| 260 |
_aMadrid-España: _bMestas Ediciones SL. _c2023 |
||
| 300 |
_a375 páginas. : _c23x15 cm. |
||
| 505 | _aUn Justo | ||
| 856 | _fwww.twitter.com | ||
| 942 |
_2ddc _cLIBROS |
||
| 945 |
_apbjr _d20-04-2026 |
||